Les 40 plus gros transferts du mercato estivale 2023 - Statistiques

Statistiques générales
  • Ce quiz a été pris 696 fois
    477 depuis la dernière actualisation
  • Le résultat moyen est 28 sur 40
Statistiques - réponses
De Vers Montant Réponse % Correct
Tottenham Bayern Munich 100 000 000 Harry Kane
98%
Paris SG Al-Hilal 90 000 000 Neymar
98%
Eintracht Francfort Paris SG 95 000 000 Randal Kolo Muani
97%
West Ham Arsenal 116 000 000 Declan Rice
96%
Dortmund Real Madrid 103 000 000 Jude Bellingham
96%
RB Leipzig Manchester City 90 000 000 Josko Gvardiol
90%
Brighton Chelsea 116 000 000 Moisés Caicedo
88%
Rennes Manchester City 60 000 000 Jérémy Doku
87%
AC Milan Newcastle 64 000 000 Sandro Tonali
86%
Chelsea Arsenal 75 000 000 Kai Havertz
85%
Lyon Paris SG 45 000 000 Bradley Barcola
84%
Barcelone Paris SG 50 000 000 Ousmane Dembélé
83%
Chelsea Manchester United 64 200 000 Mason Mount
81%
Bayern Munich Paris SG 45 000 000 Lucas Hernández
80%
Sporting CP Paris SG 60 000 000 Manuel Ugarte
79%
Atalanta Manchester United 75 000 000 Rasmus Højlund
79%
Naples Bayern Munich 50 000 000 Min-jae Kim
75%
RB Leipzig Chelsea 60 000 000 Christopher Nkunku
73%
Monaco Chelsea 45 000 000 Axel Disasi
72%
Bayer Leverkusen Aston Villa 55 000 000 Moussa Diaby
72%
RB Leipzig Liverpool 70 000 000 Dominik Szoboszlai
69%
Zenith Al-Hilal 60 000 000 Malcom
69%
Wolverhampton Manchester City 62 000 000 Matheus Nunes
69%
Liverpool Al-Ittihad 46 700 000 Fabinho
68%
Inter Manchester United 52 500 000 André Onana
67%
Manchester City Chelsea 47 000 000 Cole Palmer
65%
Wolverhampton Al-Hilal 55 000 000 Rùben Neves
65%
Brighton Liverpool 42 000 000 Alexis Mac Allister
63%
Leicester Tottenham 46 300 000 James Maddison
62%
Ajax Arsenal 40 000 000 Jurrien Timber
61%
Fulham Al-Hilal 52 600 000 Aleksandar Mitrovic
59%
Lazio Al-Hilal 40 000 000 Sergej Milinković-Savić
55%
Porto Al-Nassr 60 000 000 Otávio
52%
Ajax West Ham 43 000 000 Mohammed Kudus
51%
Bayern Munich Liverpool 40 000 000 Ryan Gravenberch
49%
Southampton Chelsea 62 100 000 Roméo Lavia
48%
Atlético Madrid Wolverhampton 50 000 000 Matheus Cunha
42%
Sporting CP Tottenham 40 000 000 Pedro Porro
42%
Leicester Newcastle 44 000 000 Harvey Barnes
37%
Nottingham Forest Tottenham 55 000 000 Brennan Johnson
33%
Aucun quiz correspondant
Distribution des résultats
% des personnes avec chaque résultat
Percentile par nombre de réponses
Votre historique - résultats
Vous n’avez pas pris ce quiz depuis la dernière actualisation